[Event "Floripa Chess Open 2024"]
[Site "Florianopolis"]
[Date "2024.01.23"]
[Round "5.50"]
[White "Felix, Joao Eduardo Orland"]
[Black "Araujo, Renan Aparecido"]
[Result "1/2-1/2"]
[WhiteElo "1703"]
[BlackElo "2062"]
[PlyCount "30"]
[EventDate "2024.01.20"]
[EventRounds "10"]
[EventCountry "BRA"]

1. e4 c5 2. Nf3 Nc6 3. Nc3 d6 4. d4 cxd4 5. Nxd4 e5 6. Nb3 Be7 7. f3 Nf6 8. Be3
Be6 9. Qd2 O-O 10. O-O-O a5 11. Kb1 a4 12. Nc1 a3 13. b3 Nb4 14. Nd3 ({RR} 14.
g4 d5 15. g5 Nxe4 16. fxe4 d4 17. Nd5 Bxd5 18. exd5 dxe3 19. Qg2 Bxg5 20. c3
Na6 21. Bd3 f5 22. Rhg1 Bh6 23. d6 e4 24. Bc4+ Kh8 25. d7 Qf6 26. Ne2 Nc5 27.
Ng3 Rad8 28. Rd5 f4 {Caceres Sandoval,E (1821)-Lapa Cunias,M (1597) Lima PER
2023 0-1 (43)}) 14... d5 15. Nxe5 Rc8 $146 ({RR} 15... dxe4 16. fxe4 Qc7 17.
Bf4 Nh5 18. Ng6 Nxf4 19. Nb5 Qc5 20. Nxe7+ Qxe7 21. Qxf4 Qc5 22. c3 Nc6 23. Rd2
Ra5 24. c4 g5 25. Qg3 Rc8 26. Nd6 Nd4 27. Bd3 Rb8 28. Nf5 Nxf5 29. Qxb8+ Kg7 {
1-0 (29) Takano,N (2111)-Oliveira,S (2322) Florianopolis SC 2022}) 1/2-1/2

[Event "Floripa Chess Open 2024"]
[Site "Florianopolis"]
[Date "2024.01.23"]
[Round "5.51"]
[White "Pires, Marcos Vinicius Tor"]
[Black "Szuba, Joao Gabriel Muniz"]
[Result "1-0"]
[WhiteElo "2253"]
[BlackElo "1709"]
[PlyCount "105"]
[EventDate "2024.01.20"]
[EventRounds "10"]
[EventCountry "BRA"]

1. c4 e6 2. Nf3 d5 3. g3 Nf6 4. Bg2 Be7 5. O-O O-O 6. b3 b6 7. Bb2 Bb7 8. e3 c5
9. Nc3 Nbd7 10. Qe2 Rc8 11. d3 Qc7 12. Rad1 Rfd8 13. Ne1 Nf8 ({RR} 13... Qb8
14. f4 Qa8 15. Nf3 a6 16. a4 d4 17. Nb1 Ng4 18. exd4 cxd4 19. Bxd4 Nc5 20. h3
h5 21. b4 Nxa4 22. Ba1 Bf6 23. hxg4 Bxa1 24. gxh5 Bf6 25. Ne5 Bxg2 26. Qxg2
Qxg2+ 27. Kxg2 b5 28. Ng4 {Arabidze,M (2427)-Vetokhin,I (2305) chess.com INT
2023 1-0 (43)}) 14. f4 a6 15. Nf3 Ng6 16. Ne5 $146 ({RR} 16. e4 b5 17. e5 Ng4
18. cxd5 exd5 19. d4 b4 20. Na4 Bc6 21. Rfe1 Bxa4 22. bxa4 c4 23. f5 Nh8 24. h3
Nh6 25. g4 Kf8 26. Bc1 Ng8 27. Ng5 Bxg5 28. Bxg5 f6 29. Bf4 c3 30. Qe3 c2 {
Arat,U (2390)-Tarhan,A (1949) Istanbul TUR 2019 1-0 (45)}) ({RR} 16. e4 b5 17.
e5 Ng4 18. cxd5 exd5 19. d4 b4 20. Na4 Bc6 21. Rfe1 Bxa4 22. bxa4 c4 23. f5 Nh8
24. h3 Nh6 25. g4 Kf8 26. Bc1 Ng8 27. Ng5 Bxg5 28. Bxg5 f6 29. Bf4 c3 30. Qe3
c2 {Arat,U (2390)-Tarhan,A (1949) Istanbul TUR 2019 1-0 (45)}) 16... d4 17.
Nxg6 hxg6 18. exd4 Rxd4 19. Ne4 Rd7 20. Be5 Qd8 21. Bf3 Ne8 22. Qg2 Ba8 23. g4
Nd6 24. h4 Bf8 25. h5 gxh5 26. gxh5 Nxe4 27. dxe4 Rxd1 28. Rxd1 Qh4 29. Qf2
Qxf2+ 30. Kxf2 Bc6 31. Ke3 Be7 32. Bd6 Kf8 33. e5 Bxf3 34. Kxf3 Rd8 35. Bxe7+
Kxe7 36. Rxd8 Kxd8 37. Kg4 Ke8 38. Kg5 Kf8 39. h6 gxh6+ 40. Kxh6 Kg8 41. Kg5
Kg7 42. f5 b5 43. a4 bxc4 44. bxc4 a5 45. Kf4 Kh6 46. Kg4 Kh7 47. fxe6 fxe6 48.
Kh5 Kg7 49. Kg5 Kf7 50. Kh6 Ke7 51. Kg7 Kd8 52. Kf6 Kd7 53. Kf7 1-0

[Event "Floripa Chess Open 2024"]
[Site "Florianopolis"]
[Date "2024.01.23"]
[Round "5.52"]
[White "Moyses Sobrinho, Elias"]
[Black "Bauza, Alejandro"]
[Result "0-1"]
[WhiteElo "1844"]
[BlackElo "2205"]
[PlyCount "38"]
[EventDate "2024.01.20"]
[EventRounds "10"]
[EventCountry "BRA"]

1. d4 Nf6 2. c4 e6 3. Nf3 Bb4+ 4. Bd2 Qe7 5. a3 Bxd2+ 6. Nbxd2 a5 7. e4 ({RR} 
7. g3 a4 8. Bg2 d6 9. O-O e5 10. e4 O-O 11. Qc2 Nc6 12. d5 Nb8 13. Nh4 Bd7 14.
h3 Na6 15. Nf5 Bxf5 16. exf5 Nc5 17. Rae1 Qd7 18. g4 g5 19. fxg6 fxg6 20. f4
exf4 21. Rxf4 Rae8 {Mikavica,M (2245)-Anka,E (2410) Geneve 1995 0-1 (71)}) 7...
d6 8. Be2 O-O ({RR} 8... e5 9. O-O O-O 10. Qc2 a4 11. dxe5 dxe5 12. c5 Bd7 13.
Qc3 Nc6 14. Bb5 Ra5 15. Bxc6 Rxc5 16. Qb4 Bxc6 17. Rac1 Nd7 18. Nc4 b6 19. Ne3
Re8 20. Nf5 Qf8 21. Rfd1 g6 22. Ne3 Rxc1 23. Qxf8+ {Vollbehr,B (1871)-Meins,G 
(2412) Dusseldorf GER 2023 0-1 (46)}) 9. O-O a4 $146 ({RR} 9... Nc6 10. d5 Nb8
11. Nd4 e5 12. Nc2 Na6 13. b4 Bd7 14. Rb1 Rab8 15. Ne3 axb4 16. axb4 c6 17. Qe1
Rfc8 18. f4 cxd5 19. Nxd5 Nxd5 20. cxd5 exf4 21. Rxf4 Qe5 22. Qf2 Rf8 23. Nc4
Qe7 24. Bd3 {Ranmith,W (1764)-Yasaranga,B (1263) Ambalangoda 2016 1-0 (84)})
10. b4 axb3 11. Qxb3 e5 12. d5 Na6 13. Bd3 Nc5 14. Qc2 Bd7 15. Nb3 Ba4 16. Nfd2
Nfd7 17. Qc3 Bxb3 18. Nxb3 Nxb3 19. Qxb3 Nc5 0-1

[Event "Floripa Chess Open 2024"]
[Site "Florianopolis"]
[Date "2024.01.23"]
[Round "5.53"]
[White "Piasetski, Leon"]
[Black "Eger, Laura Luisa"]
[Result "1-0"]
[WhiteElo "2155"]
[BlackElo "1848"]
[PlyCount "69"]
[EventDate "2024.01.20"]
[EventRounds "10"]
[EventCountry "BRA"]

1. Nf3 d5 2. e3 Nf6 3. c4 c6 4. b3 Bf5 5. Bb2 e6 6. Be2 h6 7. O-O Be7 8. Nc3
O-O 9. d4 a5 ({RR} 9... Nbd7 10. Rc1 Re8 11. Bd3 Bxd3 12. Qxd3 Bf8 13. e4 dxe4
14. Nxe4 Nxe4 15. Qxe4 Nf6 16. Qe2 a5 17. a4 Qb6 18. Rc3 Rad8 19. Rd3 c5 20.
Rfd1 cxd4 21. Bxd4 Qc7 22. Bxf6 gxf6 23. Nd4 Qb6 24. Qg4+ {Mitrabha,G (2500)
-Jobava,B (2588) chess.com INT 2022 1-0}) ({RR} 9... Nbd7 10. Bd3 Ne4 11. Qc2
Ndf6 12. Rfd1 Bb4 13. Ne5 Nxc3 14. Bxc3 Bxd3 15. Rxd3 Bd6 16. Rad1 Qe7 17. f3
Rfd8 18. Qe2 Nh7 19. e4 Qc7 20. f4 Nf6 21. exd5 exd5 22. Rh3 Qc8 23. Rdd3 Ne4
24. c5 {Liu,C (2280)-Bacrot,E (2683) chess.com INT 2024 1/2-1/2 (65)}) 10. Bd3
Bxd3 11. Qxd3 Nbd7 12. Rad1 $146 ({RR} 12. Rfd1 Qb6 13. cxd5 exd5 14. Rab1 Rfe8
15. Ne5 Qc7 16. f4 Bb4 17. Qf5 Nf8 18. Ne2 Ne4 19. a3 Bd6 20. Nd3 Qe7 21. Ne5
f6 22. Ng4 Bxa3 23. Bxa3 Qxa3 24. Qh5 Qb4 25. Ng3 Nxg3 26. hxg3 Qe7 {
Schwalfenberg,J (2308)-Rosner,J (2371) Baden 2016 0-1 (43)}) ({RR} 12. e4 dxe4
13. Nxe4 Nxe4 14. Qxe4 Nf6 15. Qe2 Qb6 16. Bc3 Bb4 17. Qc2 Bxc3 18. Qxc3 Qb4
19. Qc2 Rad8 20. a3 Qb6 21. Qc3 Qc7 22. Rfd1 Rfe8 23. Rd3 b6 24. Rad1 Rd6 25.
c5 bxc5 26. dxc5 Rd5 {Pichot,A (2638)-Pinheiro,I (2306) chess.com INT 2023 0-1
(48)}) 12... Qc7 13. h3 Rfd8 14. a3 Nb6 15. Ne5 dxc4 16. bxc4 Nfd7 17. f4 Nf6
18. e4 a4 19. Qc2 c5 20. Nb5 Qc8 21. d5 Ne8 22. dxe6 Qxe6 23. f5 Qc8 24. Ng4
Qc6 25. Ne5 Qc8 26. Rxd8 Bxd8 27. Ng4 Nf6 28. Bxf6 Bxf6 29. e5 Bg5 30. e6 Qf8
31. Qe4 h5 32. Ne5 fxe6 33. fxe6 Bf6 34. Ng6 Qd8 35. Qxb7 1-0

[Event "Floripa Chess Open 2024"]
[Site "Florianopolis"]
[Date "2024.01.23"]
[Round "5.54"]
[White "Carvalho, Guillermo"]
[Black "Cardoso, Leandro Ubialli"]
[Result "1/2-1/2"]
[WhiteElo "2149"]
[BlackElo "1842"]
[PlyCount "44"]
[EventDate "2024.01.20"]
[EventRounds "10"]
[EventCountry "BRA"]

1. c4 e5 2. Nc3 Nf6 3. g3 d5 4. cxd5 Nxd5 5. Bg2 Nb6 6. Nf3 Nc6 7. d3 f6 ({RR} 
7... Bg4 8. Be3 Qd7 9. a4 Bb4 10. O-O a5 11. Rc1 O-O 12. Nb5 Rac8 13. Qc2 Nd5
14. Bc5 Bxc5 15. Qxc5 Rcd8 16. Nc3 Rfe8 17. Nxd5 Qxd5 18. Qxd5 Rxd5 19. h3 Bd7
20. Rc4 Rd6 21. Rfc1 f6 22. Kf1 {Spulber,C (2375)-Solcanean,S (2260)
Techirghiol 1999 1-0 (50)}) 8. Be3 $146 ({RR} 8. a3 Be6 9. b4 Qd7 10. Rb1 O-O-O
11. O-O Nd5 12. Bb2 Nxc3 13. Bxc3 Kb8 14. Qc2 Bh3 15. Rfc1 Bxg2 16. Kxg2 Bd6
17. b5 Ne7 18. Qb3 g5 19. Nd2 h5 20. h3 Nc8 21. Nc4 Nb6 22. a4 Nxc4 {Arsenault,
M-Gelblum,R Ottawa 2004 0-1 (44)}) ({RR} 8. O-O Be6 9. Be3 Qd7 10. Rc1 O-O-O
11. a4 Kb8 12. Nd2 Nd5 13. Nxd5 Bxd5 14. Ne4 Nd4 15. f4 Bb3 16. Qd2 Bxa4 17.
fxe5 fxe5 18. Rxf8 Rdxf8 19. Nc5 Qb5 20. Bxd4 exd4 21. Rc4 Bb3 22. Nxb3 Qxb3 {
Filippov,K (2066)-Batyrev,K (1627) St Petersburg RUS 2023 0-1 (69)}) ({RR} 8.
O-O Be6 9. Bd2 Bd6 10. a3 Na5 11. b4 Nb3 12. Rb1 Nxd2 13. Nxd2 c6 14. b5 Rc8
15. a4 Qd7 16. bxc6 bxc6 17. Nce4 Be7 18. Qc2 c5 19. a5 Nd5 20. Nc4 Nb4 21. Qc3
O-O 22. Ra1 Rb8 {Kozubov,M (1724)-Nikitin,S (2074) St Petersburg RUS 2019 1-0 
(49)}) 8... Nd4 9. O-O Be7 10. a4 Be6 11. a5 Nxf3+ 12. Bxf3 Nd5 13. Nxd5 Bxd5
14. Qa4+ c6 15. Bxd5 Qxd5 16. Rfc1 O-O 17. a6 b5 18. Qa2 Qxa2 19. Rxa2 Rfc8 20.
b3 Kf7 21. Rac2 Ba3 22. Ra1 Bb4 1/2-1/2

[Event "Floripa Chess Open 2024"]
[Site "Florianopolis"]
[Date "2024.01.23"]
[Round "5.55"]
[White "Nunes, Agatha Hurba"]
[Black "Lima, Kleyton Alcantara"]
[Result "1/2-1/2"]
[WhiteElo "1840"]
[BlackElo "2119"]
[PlyCount "123"]
[EventDate "2024.01.20"]
[EventRounds "10"]
[EventCountry "BRA"]

1. d4 Nf6 2. c4 e6 3. Nf3 Bb4+ 4. Nbd2 O-O 5. a3 Be7 6. e4 d6 7. Be2 Nfd7 8.
O-O e5 9. Qc2 a5 10. b3 exd4 11. Nxd4 Bf6 12. Bb2 Nc6 13. Nb5 Re8 14. Rad1 Bxb2
15. Qxb2 Nc5 16. f3 $146 ({RR} 16. Qc2 Bd7 17. Rfe1 Ne5 18. Nc3 Bc6 19. Nf1 Qg5
20. Ne3 Ng6 21. Ned5 Rac8 22. g3 Bxd5 23. cxd5 Qf6 24. f4 c6 25. dxc6 bxc6 26.
Bc4 Rcd8 27. Qd2 Nf8 28. Kg2 Qe7 29. b4 axb4 30. axb4 Nce6 {Mamedyarov,S (2740)
-Praggnanandhaa,R (2684) Kolkata IND 2022 1-0 (56)}) 16... Ne5 17. Nb1 Ng6 18.
b4 axb4 19. axb4 Ne6 20. g3 Ng5 21. c5 f5 22. cxd6 fxe4 23. Nxc7 Bh3 24. Nxe8
Qb6+ 25. Kh1 Rxe8 26. Bc4+ Kh8 27. d7 Rd8 28. Rfe1 exf3 29. Re8+ Nf8 30. Bf1 f2
31. Qd4 Qc6+ 32. Qd5 Qxd5+ 33. Rxd5 Bg4 34. Nd2 Nf7 35. Kg2 Kg8 36. Bc4 Be6 37.
Rxd8 Nxd8 38. Rd4 Kf7 39. Bxe6+ Kxe6 40. Nf3 Nxd7 41. Kxf2 Nc6 42. Re4+ Kd5 43.
Rh4 Nf6 44. b5 Ne7 45. Rb4 Kc5 46. Rb1 Ned5 47. Nd2 Ng4+ 48. Kg1 Ngf6 49. h3
Nc3 50. Rc1 Kd4 51. Nf3+ Kd3 52. Ne5+ Kd2 53. Ra1 Nxb5 54. Rb1 Nd6 55. Rb6 Nfe4
56. Ng4 Ke2 57. Rb2+ Nd2 58. Ne5 b5 59. Nc6 Kd3 60. Na7 Kc3 61. Nxb5+ Kxb2 62.
Nxd6 1/2-1/2

[Event "Floripa Chess Open 2024"]
[Site "Florianopolis"]
[Date "2024.01.23"]
[Round "5.56"]
[White "De Carvalho, Jose Jorge"]
[Black "Fraga, Heitor Carneiro"]
[Result "1-0"]
[WhiteElo "2119"]
[BlackElo "1839"]
[PlyCount "107"]
[EventDate "2024.01.20"]
[EventRounds "10"]
[EventCountry "BRA"]

1. d4 Nf6 2. Nc3 d5 3. Bf4 c5 4. e3 cxd4 5. exd4 a6 6. Bd3 Nc6 7. Nge2 g6 8. a3
Bg7 9. Qd2 O-O 10. Bh6 b5 11. h4 $146 ({RR} 11. Bxg7 Kxg7 12. Nd1 e5 13. dxe5
Nxe5 14. Nd4 Nc4 15. Bxc4 dxc4 16. c3 Re8+ 17. Ne3 Ng4 18. O-O Nxe3 19. fxe3
Bb7 20. Rf4 Be4 21. Qf2 Qd5 22. Rf1 Ra7 23. Rg4 Qe5 24. h4 Bd3 25. Re1 Rd7 {
Tran,M (2293)-Fakhrutdinov,T (2419) Khanty-Mansiysk 2016 1/2-1/2 (39)}) 11...
Qa5 12. Bxg7 Kxg7 13. h5 Nb4 14. hxg6 Nxd3+ 15. cxd3 fxg6 16. Qh6+ Kf7 17. b4
Qb6 18. f3 Bb7 19. g4 Rh8 20. Qf4 Qd6 21. g5 Qxf4 22. Nxf4 Nd7 23. Kd2 e5 $11
24. Nfe2 Kg7 25. dxe5 Nxe5 26. Nd4 Rae8 27. f4 Nc6 28. Nce2 Rhf8 29. Rac1 Nxd4
30. Nxd4 Rf7 31. Rhf1 h6 32. gxh6+ Kxh6 33. f5 gxf5 34. Nxf5+ Kg5 35. Nd6 Rxf1
36. Rxf1 Re7 37. Nxb7 Rxb7 38. Kc3 d4+ 39. Kxd4 Rd7+ 40. Kc3 Rc7+ 41. Kd2 Rd7
42. Rf8 Rd6 43. Kc3 Rc6+ 44. Kd4 Rd6+ 45. Ke4 Re6+ 46. Kd5 Re3 47. Kd4 Re7 48.
Kc5 Re5+ 49. Kb6 Re6+ 50. Ka5 Rd6 51. d4 Rxd4 52. Kxa6 Rd3 53. Kxb5 Rxa3 54.
Kb6 1-0

[Event "Floripa Chess Open 2024"]
[Site "Florianopolis"]
[Date "2024.01.23"]
[Round "5.57"]
[White "Calcado, Acyr Rogerio"]
[Black "Trombini, Fabio"]
[Result "1-0"]
[WhiteElo "2118"]
[BlackElo "1822"]
[PlyCount "79"]
[EventDate "2024.01.20"]
[EventRounds "10"]
[EventCountry "BRA"]

1. e4 e5 2. Nf3 Nc6 3. Bb5 a6 4. Ba4 Nf6 5. O-O Be7 6. Re1 b5 7. Bb3 d6 8. c3
O-O 9. h3 Na5 10. Bc2 c5 11. d4 Qc7 12. Nbd2 Bd7 13. Nf1 Rfc8 14. Ne3 cxd4 15.
cxd4 Nc4 16. Nxc4 bxc4 17. Bd2 Be8 18. Bc3 Nd7 19. Qd2 Bf6 20. Rad1 a5 21. dxe5
dxe5 22. Qd6 Qxd6 $146 ({RR} 22... a4 23. Qxc7 Rxc7 24. a3 Rc6 25. Rd5 Re6 26.
Red1 Re7 27. Ra5 Rxa5 28. Bxa5 Nc5 29. Nd2 Bb5 30. Nb1 Nb3 31. Bxb3 cxb3 32.
Nc3 Bc6 33. Bd8 {1/2-1/2 (33) Cacciola,A (2114)-Vezzosi,P (2309) Bratto 2012})
23. Rxd6 Be7 24. Rd5 f6 25. Bxa5 Rc5 26. b4 Rxd5 27. exd5 Nc5 28. d6 Bxd6 29.
bxc5 Bxc5 30. Bd2 Rxa2 31. Be4 Bf7 32. Be3 Bf8 33. Rb1 g6 34. g4 c3 35. Rb8 Kg7
36. Rb7 Kg8 37. Kg2 Ra4 38. Bc2 Rb4 39. Rc7 Rc4 40. Rxf7 1-0

[Event "Floripa Chess Open 2024"]
[Site "Florianopolis"]
[Date "2024.01.23"]
[Round "5.58"]
[White "Ribeiro, Regina"]
[Black "Serpa, Rafael Araujo"]
[Result "0-1"]
[WhiteElo "1822"]
[BlackElo "2101"]
[PlyCount "40"]
[EventDate "2024.01.20"]
[EventRounds "10"]
[EventCountry "BRA"]

1. Nf3 c5 2. g3 Nc6 3. Bg2 g6 4. d4 cxd4 5. Nxd4 Bg7 6. Nxc6 bxc6 7. c4 Rb8 8.
Qc2 Qa5+ 9. Nd2 Nf6 10. O-O O-O 11. c5 ({RR} 11. Nf3 d5 12. Bf4 Bf5 13. Qc1 Ne4
14. Bxb8 Rxb8 15. g4 Bd7 16. Qf4 Rxb2 17. Rab1 Qb6 18. Rxb2 Qxb2 19. cxd5 cxd5
20. Ng5 Nxg5 21. Qxg5 Qxe2 22. Qxd5 Qxg4 23. h3 Qa4 24. Rd1 Be8 25. Qd8 Be5 {
Hovhannisyan,M (2516)-Fier,A (2587) Minsk 2014 0-1 (33)}) 11... Ba6 12. Nb3
$146 ({RR} 12. Bf3 Rb5 13. Nb3 Qa4 14. Rd1 Nd5 15. e4 Nb4 16. Qb1 Rb7 17. Be3
Bc4 18. Nd4 Qa6 19. b3 Bd3 20. Qb2 e5 21. Ne2 f5 22. a3 Nc2 23. Rxd3 Nxa1 24.
Rc3 Qa4 25. Qxa1 Qa6 26. Nc1 f4 {Bialas,W (2340)-Hess,C (2235) Germany 1982
1-0 (35)}) 12... Qa4 13. Bf4 Rb7 14. Qd2 Nd5 15. Bxd5 cxd5 16. c6 Rb6 17. cxd7
Qxd7 18. Be3 d4 19. Nc5 Qb5 20. Nxa6 dxe3 0-1

[Event "Floripa Chess Open 2024"]
[Site "Florianopolis"]
[Date "2024.01.23"]
[Round "5.59"]
[White "Lage, Pedro Ferreira"]
[Black "Rodrigues, Nei Jorge"]
[Result "1-0"]
[WhiteElo "2100"]
[BlackElo "1822"]
[PlyCount "91"]
[EventDate "2024.01.20"]
[EventRounds "10"]
[EventCountry "BRA"]

1. Nf3 b6 2. g3 Bb7 3. Bg2 Nf6 4. O-O c5 5. c4 e6 6. b3 Be7 7. d4 cxd4 8. Qxd4
d6 9. Nc3 a6 10. Rd1 Qc7 11. Ba3 Nc6 12. Bxd6 Nxd4 13. Bxc7 Nxf3+ 14. Bxf3 Bxf3
15. exf3 Nd7 $146 ({RR} 15... Bd8 16. Bd6 Be7 17. Na4 b5 18. Nb6 Rd8 19. Bc7
Rxd1+ 20. Rxd1 O-O 21. Kf1 bxc4 22. bxc4 Re8 23. Ke2 h5 24. h3 Kh7 25. a4 Kg6
26. Bd6 Bxd6 27. Rxd6 Re7 28. Kd3 Rc7 29. Kd4 Kf5 30. c5 {Todorovic,G (2396)
-Djokic,V (2299) Kraljevo 2011 1-0 (41)}) 16. Ne4 Ra7 17. Bd6 f5 18. Bxe7 fxe4
19. Bd6 exf3 20. Rd3 Nf6 21. Rxf3 Rd7 22. Bb4 a5 23. Bc3 Ne4 24. Re1 Nc5 25. a3
Rd6 26. b4 axb4 27. axb4 Nd7 28. Bxg7 Rg8 29. Be5 Rc6 30. Bd4 Rg6 31. c5 bxc5
32. bxc5 Rg5 33. Rc3 Rd5 34. Be3 Kf7 35. Kg2 Nf6 36. Rb1 Ng4 37. Rb7+ Kg6 38.
Rb6 Rxb6 39. cxb6 Rb5 40. Rc6 Nxe3+ 41. fxe3 Kf5 42. Kf3 h5 43. h3 Ke5 44. Rc7
Rxb6 45. Rc5+ Kf6 46. Rxh5 1-0

[Event "Floripa Chess Open 2024"]
[Site "Florianopolis"]
[Date "2024.01.23"]
[Round "5.60"]
[White "Da Fonseca Pinto, Joao Gabriel Alves"]
[Black "Almeida Junior, Alvaro Alves De"]
[Result "0-1"]
[WhiteElo "1808"]
[BlackElo "2099"]
[PlyCount "54"]
[EventDate "2024.01.20"]
[EventRounds "10"]
[EventCountry "BRA"]

1. e4 Nf6 2. e5 Nd5 3. d4 d6 4. c4 Nb6 5. exd6 cxd6 6. Nf3 g6 7. Nc3 Bg7 8. Be3
Nc6 9. Be2 O-O 10. O-O Bg4 11. b3 d5 12. c5 Nc8 13. Rc1 e6 14. Qd2 N8e7 15. h3
Bxf3 16. Bxf3 Nf5 17. Ne2 Nh4 18. Bg4 h5 19. Bf3 Qf6 20. Bxh5 $146 ({RR} 20.
Bxd5 exd5 21. Bg5 Nf3+ 22. gxf3 Qxf3 23. Rc3 Qf5 24. Rg3 Rfe8 25. Be3 Rad8 26.
Kh2 Bf6 27. Rfg1 Re4 28. Qd3 Kh7 29. R3g2 Rde8 30. Ng3 Qxh3+ {0-1 (30) Rendle,
T (2108)-Dunworth,C (2307) Newport 2000}) 20... gxh5 21. Bg5 Nf3+ 22. gxf3 Qf5
23. Kh2 Kh7 24. f4 f6 25. Bh4 e5 26. b4 Bh6 27. b5 Nxd4 0-1

[Event "Floripa Chess Open 2024"]
[Site "Florianopolis"]
[Date "2024.01.23"]
[Round "5.62"]
[White "Gruettner, Ralf"]
[Black "Silva, Ezequiel Demetras"]
[Result "1-0"]
[WhiteElo "2071"]
[BlackElo "1793"]
[PlyCount "49"]
[EventDate "2024.01.20"]
[EventRounds "10"]
[EventCountry "BRA"]

1. d4 d5 2. c4 e6 3. Nc3 Be7 4. cxd5 exd5 5. Bf4 c6 6. e3 Nf6 7. Bd3 O-O 8. h3
Nbd7 9. Nf3 Re8 10. O-O Nf8 11. Qc2 Ng6 12. Bh2 Bd6 13. Bxd6 Qxd6 14. Rab1 a5
15. a3 Be6 16. Rfc1 ({RR} 16. b4 axb4 17. axb4 b5 18. Rfc1 Nd7 19. Ne2 Rec8 20.
Ng5 Nb6 21. Nxe6 fxe6 22. Bxg6 hxg6 23. Qxg6 Nc4 24. Nf4 Re8 25. Ra1 Qxb4 26.
Rxa8 Rxa8 27. Qxe6+ Kh7 28. Qg6+ Kh8 29. Qxc6 Ra2 30. Qe8+ Kh7 {Sarana,A (2693)
-Melkumyan,H (2650) chess.com INT 2023 1-0 (38)}) 16... Nf8 $146 ({RR} 16...
Nd7 17. Na4 Qe7 18. Qb3 Reb8 19. Qd1 Nh4 20. Nxh4 Qxh4 21. Qf3 Rf8 22. Nc3 f5
23. b4 axb4 24. Rxb4 Rxa3 25. Rxb7 f4 26. e4 Nf6 27. exd5 Rxc3 28. Rxc3 Bxd5
29. Bc4 Re8 30. Bxd5+ cxd5 31. Rcc7 {Khismatullin,D (2662)-Kljucharev,S (2375)
Olginka 2011 1-0 (35)}) ({RR} 16... b5 17. Nd2 Nd7 18. a4 b4 19. Ne2 Rec8 20.
Nb3 Qe7 21. Nc5 Qf6 22. Nxd7 Bxd7 23. Ng3 Nf8 24. Nf1 g6 25. Nd2 c5 26. dxc5
Ne6 27. Bb5 Bxb5 28. axb5 Rxc5 29. Qa4 Rxc1+ 30. Rxc1 Qxb2 31. Rc2 {Perez,R  
(2361)-Jayakumar,A (2294) Philadelphia 2013 1/2-1/2 (37)}) 17. Ne5 N8d7 18. f4
Nf8 19. Qf2 Bc8 20. Rf1 Qe7 21. Rbe1 N6d7 22. e4 Nxe5 23. fxe5 dxe4 24. Nxe4
Be6 25. Nd6 1-0

[Event "Floripa Chess Open 2024"]
[Site "Florianopolis"]
[Date "2024.01.23"]
[Round "5.63"]
[White "Silva, Guilherme Henrique"]
[Black "Nakata, Thifanni Harumi"]
[Result "1-0"]
[WhiteElo "2068"]
[BlackElo "1785"]
[PlyCount "56"]
[EventDate "2024.01.20"]
[EventRounds "10"]
[EventCountry "BRA"]

1. e4 e5 2. Bc4 Nf6 3. d3 Bc5 4. Nc3 c6 5. Nf3 d6 6. h3 Nbd7 ({RR} 6... O-O 7.
O-O Re8 8. Ne2 Nbd7 9. Ng3 Nf8 10. c3 Bb6 11. Bb3 Be6 12. a4 d5 13. Bg5 h6 14.
Bxf6 Qxf6 15. d4 Ng6 16. a5 Bc7 17. dxe5 Nxe5 18. Nd4 Rad8 19. f4 Qg6 20. Ngf5
Nd7 21. a6 {Rapport,R (2731)-Kramnik,V (2777) Wijk aan Zee NED 2019 1/2-1/2  
(94)}) ({RR} 6... O-O 7. a3 a5 8. Ba2 Re8 9. O-O h6 10. Re1 Nbd7 11. Be3 Bxe3
12. Rxe3 b5 13. d4 Bb7 14. b4 Nf8 15. Qd2 Ng6 16. Rd1 axb4 17. axb4 Qe7 18. Bb3
Red8 19. d5 Nf4 20. dxc6 Bxc6 21. Kh2 {Amin,B (2692)-Salem,A (2677) Riyadh KSA
2023 0-1 (35)}) 7. O-O O-O 8. a3 Bb6 9. Ba2 $146 ({RR} 9. Re1 h6 10. Ba2 Re8
11. Be3 Ba5 12. b4 Bc7 13. Qd2 Nf8 14. d4 exd4 15. Bxd4 Be6 16. Bxe6 Rxe6 17.
Nh2 N8h7 18. Re2 d5 19. e5 Ne4 20. Nxe4 dxe4 21. Rxe4 Bxe5 22. Qd3 Bxh2+ 23.
Kxh2 Ng5 {Cocchi,A (2304)-Solomon,K (2414) Ortisei 2013 1-0 (69)}) 9... Re8 10.
Ne2 Nf8 11. Ng3 Be6 12. Bxe6 fxe6 13. c3 Ng6 14. d4 exd4 15. cxd4 d5 16. Re1
Qc7 17. e5 Nd7 18. b4 a6 19. h4 Ba7 20. Qd3 b5 21. h5 Ngf8 22. h6 g6 23. Bg5
Nb6 24. Bf6 Nc4 25. Re2 Bb6 26. Bg7 a5 27. Raa2 a4 28. Nf1 Qf7 1-0

[Event "Floripa Chess Open 2024"]
[Site "Florianopolis"]
[Date "2024.01.23"]
[Round "5.64"]
[White "Ribeiro Jr, Valdir Uchoa"]
[Black "Dias, Anderson Tatsch"]
[Result "0-1"]
[WhiteElo "1780"]
[BlackElo "2058"]
[PlyCount "104"]
[EventDate "2024.01.20"]
[EventRounds "10"]
[EventCountry "BRA"]

1. b3 e5 2. Bb2 Nc6 3. e3 Nf6 4. Bb5 Bd6 5. Na3 a6 6. Be2 Be7 7. f4 $146 ({RR} 
7. d3 d5 8. Nf3 Bb4+ 9. c3 Bd6 10. c4 Qe7 11. cxd5 Bb4+ 12. Nd2 Nxd5 13. Nab1
O-O 14. O-O Be6 15. Nf3 f6 16. a3 Ba5 17. Qc2 Rad8 18. Nbd2 Bb6 19. Rac1 Qf7
20. Rfd1 Bxe3 21. fxe3 Nxe3 {Auchenberg,P (2225)-Moe,M (2360) Espergarde 1977
0-1 (50)}) ({RR} 7. Nc4 e4 8. d4 d5 9. Ne5 O-O 10. Nxc6 bxc6 11. c4 a5 12. Qc2
Bb4+ 13. Bc3 Be6 14. c5 Kh8 15. a3 Bxc3+ 16. Qxc3 Ng4 17. h3 Nh6 18. Bd1 Nf5
19. g3 Qg5 20. Ne2 h5 21. h4 Qf6 {Vachier Lagrave,M (2796)-Anand,V (2786)
Stavanger 2017 1-0 (34)}) ({RR} 7. c4 O-O 8. Nc2 d5 9. Nf3 e4 10. Nfd4 Nxd4 11.
exd4 c6 12. O-O Be6 13. d3 exd3 14. Bxd3 Qb6 15. Bc3 Qc7 16. Ne3 Rfd8 17. Qc2
h6 18. Bf5 Bxf5 19. Nxf5 Bf8 20. Rfe1 Rac8 21. Rad1 b5 {Xia,B (2024)-Korelskiy,
E (2189) chess.com INT 2023 1/2-1/2 (57)}) 7... exf4 8. exf4 O-O 9. Nf3 Re8 10.
Nc4 Nd5 11. g3 d6 12. O-O Bf6 13. Bxf6 Qxf6 14. c3 b5 15. Na3 Bh3 16. Rf2 Re7
17. Ng5 Bd7 18. Bf3 Nb6 19. Ne4 Qg6 20. d3 Nd5 21. Kh1 Ne3 22. Qd2 Ng4 23. Re2
Rae8 24. Rae1 h6 25. Nc2 Kf8 26. Ne3 Nxe3 27. Rxe3 Bg4 28. Bxg4 Qxg4 29. Nf2
Rxe3 30. Rxe3 Qd7 31. Qe2 b4 32. c4 Nd4 33. Rxe8+ Qxe8 34. Qxe8+ Kxe8 35. Kg2
Ne2 36. Kf3 Nc1 37. Ke3 Nxa2 38. Kd2 Nc3 39. Ng4 c5 40. Ne3 g6 41. f5 Ke7 42.
fxg6 fxg6 43. Ng4 h5 44. Ne3 Ke6 45. g4 hxg4 46. Nxg4 a5 47. Ke3 a4 48. bxa4 b3
49. d4 b2 50. d5+ Ke7 51. Kd3 b1=Q+ 52. Kxc3 Qc1+ 0-1